000
00306 a2200145 4500
001
169668
020
_a
040
_c
Magnum
100
_a
Ministerio da Educacao e Cultura
240
1
0
_a
2 Anos da tv escola
_l
por
245
1
0
_a
2 Anos da tv escola
362
0
_a
1899
697
_a
ENSINO
942
_c
BK
999
_c
169668
_d
169668